000 01388cam a2200397 a 4500
001 22377
003 VRT
005 20260327082348.0
008 240606s1994 xo cr 00001 slo
015 _aSNBA1994/10
020 _a8006005451
035 _aSNK000019227
039 9 _a202406181124
_bmsnk116
_c202406171453
_dmsnk116
_c202406061422
_dVLOAD
_c202403181635
_dVLOAD
040 _aSNK
_bslo
_cSNK
_eAACR2
041 1 _aslo
_hger
044 _axo
_cSK
072 7 _a821.112.2
_xNemecká literatúra, nemecky písaná
_2konspekt
080 _a821.112.2-3
_22001
080 _a(0:82-311.3)
_22011
100 1 _aFriedrich, Joachim,
_d1953-
_4aut
240 1 0 _aAnna-Lauras Tango
_lSlovensky
245 1 0 _aTango pre Anu-Lauru
_cJoachim Friedrich ; prel. Marta Ličková
250 _a1. vyd.
260 _aBratislava
_bMladé letá
_c1994
_eŽilina
_fDanubiaprint
300 _a143 s.
_c20 cm
521 1 _aPre čitateľov od 13 rokov
655 7 _anemecké prózy
_2SNKPH
655 7 _adobrodružné romány
_2SNKPH
700 1 _aLičková, Marta,
_d1926-
_4trl
942 _2ddc
_cKLDO
_n0
949 _617A0073928
_9P60, <04>, [BOOK], {604}
_asnkSC 86683 D1
949 _6270001000031618
_asvkbbA 87013
_bsvkbbm 587531
_p587.531
949 _6273K0197896
_asvkpoA 163678
_bsvkpo404777
_oPV 4226/94
999 _c22377
_d22377